|
|
|
|
| LEADER |
01086nam a22002777a 4500 |
| 001 |
41187 |
| 003 |
BD-DhAAL |
| 005 |
20230508112514.0 |
| 008 |
230507t2004 ko a|||| |||| 001 0 kor d |
| 020 |
|
|
|a 898809204X
|
| 020 |
|
|
|a 978-8988092040
|
| 040 |
|
|
|a BD-DhAAL
|d BD-DhAAL
|
| 082 |
|
|
|a 658.4012
|2 23
|
| 245 |
|
|
|a Corporate Strategy /
|c Sigma Insight Group.
|
| 260 |
|
|
|a Seoul, korea :
|b Sigma Insight Group,
|c 2004
|
| 300 |
|
|
|a 327 pages :
|b illustrations ;
|c 27 cm.
|
| 541 |
|
|
|a Complimentary copy from Dr. Sang Hoon Lee, Dean of Brac Business School, Brac University
|e 41187
|
| 650 |
|
|
|a Corporate Strategy.
|9 54119
|
| 650 |
|
|
|a Corporate Management.
|9 54120
|
| 650 |
|
|
|a Business Success.
|9 54121
|
| 650 |
|
|
|a Strategic planning
|x Case studies.
|9 6032
|
| 710 |
|
|
|a Sigma Insight Group.
|9 54122
|
| 852 |
|
|
|a Ayesha Abed Library
|c General Stacks
|
| 942 |
|
|
|2 ddc
|c BK
|
| 999 |
|
|
|c 45715
|d 45715
|
| 952 |
|
|
|0 0
|1 0
|2 ddc
|4 0
|6 658_401200000000000_COR
|7 0
|9 73591
|a BRACUL
|b BRACUL
|c GEN
|d 2023-05-07
|e Complimentary copy from Dr. Sang Hoon Lee
|l 0
|o 658.4012 COR
|p 3010041187
|r 2023-05-07
|t 1
|w 2023-05-07
|y BK
|